000 01159nam a2200277 i 4500
001 bg
100 1 _aECKERT, Hans Dietrich.
245 1 0 _aCiepłomierze - podręcznik :
_bprzewodnik i poradnik dla praktyków /
_cHans Dietrich Eckert.
246 _iTyt. oryg.:
_aWärmezähler - Handbuch. Ein Leitfaden und Ratgeber für Praktiker
260 _aWarszawa ;
_aFrankfurt n. Menem :
_bPrzedsiębiorstwo Naukowo-Techniczne CIBET :
_bVerlags- und Wirtschaftsgesellschaft der Elektrizitätswerke - VWEW,
_c1995.
300 _a327 s. :
_brys. ;
_c22 cm.
490 1 _aSeria Wydawanictw Specjalistycznych "Cibet"/VWEW
500 _aTyt. oryg.: "Wärmezähler - Handbuch. Ein Leitfaden und Ratgeber für Praktiker".
504 _aBibliogr. - Indeks.
650 9 _aCiepłomierz
655 _aPodręczniki
830 _aSeria Wydawanictw Specjalistycznych "Cibet"/VWEW
020 _a8385749020
040 _cBPK
041 1 _apol
_bger
080 _a681.12:536.08:697](07)
920 _a83-85749-02-0
942 _cKS
008 s pl f |000 0 pol
999 _c53447
_d53447
856 _uhttp://koha.tu.koszalin.pl/cgi-bin/koha/opac-detail.pl?biblionumber=53447
_yKatalog online BPK